| 000 | 00537nam a22001817a 4500 | ||
|---|---|---|---|
| 005 | 20260302141038.0 | ||
| 010 | _aBACCHEN26 | ||
| 020 |
_a9789355209009 _c495.00 |
||
| 037 | _aRupa Publication | ||
| 082 |
_21 _aS |
||
| 100 |
_aBond, Ruskin _988018 |
||
| 245 |
_a25 Greatest Stories for Young Readers/ _cRuskin Bond |
||
| 250 | _a3 | ||
| 260 |
_a New Delhi _bRupa Publication _c2025 |
||
| 270 |
_a161-B/4, Gulmohar House, Yusuf Sarai Community Centre _b New Delhi _e110049 |
||
| 300 |
_a267p. _c21cm(pb) |
||
| 942 |
_2ddc _cEN _mBON _hS |
||
| 999 |
_c214961 _d214961 |
||